000 00412nam a2200145Ia 4500
008 240729s9999 xx 000 0 und d
022 _a2394-949X
245 0 _aJournal of Medical Sciences and Health
260 _aIndia
260 _bADICHUNCHANAGIRI INSTITUTE OF MEDICAL SCIENCES
650 _aMedicine
856 _uhttps://doaj.org/toc/8373aba01814432789e502ccdeacfd09
942 _2ddc
942 _cDOAJEJ
999 _c70130
_d70130
945 _a1
_bMadushi Gamage
_c1
_dMadushi Gamage